Statistics for twice title tracks quiz !

Click here to take the quiz!

General Stats

  • This quiz has been taken 116 times
    (78 since last reset)
  • The average score is 34 of 39

Answer Stats

albumtitle track% Correct
fancy youfancy
100%
more & moremore & more
100%
what is love?what is love?
100%
yes or yesyes or yes
100%
feel specialfeel special
98%
signalsignal
98%
the feelsthe feels
98%
cry for mecry for me
97%
summer nightsdance the night away
97%
formula of love: o+t=<3scientist
97%
ready to beset me free
97%
taste of lovealcohol-free
95%
candy popcandy pop
94%
page twocheer up
94%
eyes wide openi can't stop me
94%
the story beginslike ooh-ahh
94%
one more timeone more time
94%
bdzbdz
92%
twicetagramlikey
92%
twicecoaster: lane 1tt
92%
twicecoaster: lane 2knock knock
90%
between 1&2talk that talk
89%
wake me upwake me up
89%
i want you backi want you back
87%
ready to bemoonlight sunrise
87%
betterbetter
86%
breakthroughbreakthrough
86%
celebratecelebrate
86%
doughnutdoughnut
86%
fanfarefanfare
86%
perfect worldperfect world
86%
happy happyhappy happy
84%
merry & happyheart shaker
84%
kura kurakura kura
84%
just be yourselfjust be yourself
75%
the year of "yes"the best thing i ever did
73%
&twicefake & true
46%
bdz (repackage)stay by my side
19%
&twice (repackage)swing
16%

Score Distribution

Percentile by Number Answered

Percent of People with Each Score

Your Score History

You have not taken this quiz since the last reset